| 000 | 00901cam a2200289 a 4500 | ||
|---|---|---|---|
| 999 |
_c5810 _d5810 |
||
| 001 | 43818 | ||
| 003 | GBCCL | ||
| 005 | 20241126110550.0 | ||
| 008 | 771111s1975 enkab b 00010 eng | ||
| 010 | _a 77369213 | ||
| 015 | _aGB76-29414 | ||
| 035 | _aOCM03515462 | ||
| 040 |
_aDLC _cDLC _dLBB |
||
| 043 | _aa-bn--- | ||
| 049 | _aLBBK | ||
| 050 | 0 |
_aBV3345 _b.N53 |
|
| 082 |
_a266 _bNIG |
||
| 092 |
_a266.00959 _bN688 |
||
| 100 | 1 |
_aNightingale, Ken. _910516 |
|
| 245 | 1 | 0 |
_aOne way through the jungle in Borneo : _bshort stories from Borneo with questions to test your knowledge / _cKen Nightingale ; [illustrations by John Rawding]. |
| 260 |
_aLondon : _bOMF Books [for the] Borneo Evangelical Mission, _c1975. |
||
| 300 |
_a205 p. : _bill., map ; _c19 cm. |
||
| 504 | _aBibliography: p. [205] | ||
| 650 | 0 |
_aMissions _zBorneo _910517 |
|
| 650 | 0 |
_aMissionary stories _94719 |
|
| 942 |
_2ddc _cBK |
||